01630nam a22003017a 4500008004100000020001800041040000800059041000800067050003200075100003200107240003100139245003700170250001900207260005000226300002400276500005100300520065800351650003701009650002701046650002901073655002701102655003001129655002701159655002601186942000801212952009301220999001501313251013b |||||||| |||| 00| 0 eng d a9781250376633 cTBS aeng aPQ9698.426.U43 bB4613 2025 aPueyo, Hache926138eauthor aBem mal me quer.lEnglish. aBut not too boldc/ Hache Pueyo. aFirst edition. aNew York, NY : bTor Publishing Group,c2025. a111 pages ; c21 cm aTranslation of: Bem mal me quer / Hache Pueyo. aThe old keeper of the keys is dead, and the creature who ate her is the volatile Lady of the Capricious House-Anatema, an enormous humanoid spider with a taste for laudanum and human brides. Dalia, the old keeper's protégée, must take up her duties, locking and unlocking the little drawers in which Anatema keeps her memories. And if she can unravel the crime that led to her predecessor's death, Dalia might just be able to survive long enough to grow into her new role. But there's a gaping hole in Dalia's plan that she refuses to see: Anatema cannot resist a beautiful woman, and she eventually devours every single bride that crosses her path. 0aBeauty, PersonalvFiction926139 0aBridesvFiction923686 0aMonstersvFiction926140 0aMonster fiction926141 0aParanormal fiction922925 0aFantasy fiction922510 0aGothic fiction923121 2lcc 00102lcc4070aTBSbTBSd2025-10-13l0oP-EN PUEpB07682r2025-10-13t1w2025-10-13y1 c5040d5040